History Quiz

Random History or Letter Quiz

Historical People A-Z IV Quiz Stats

 Plays Quiz Updated Dec 6, 2017

Challenge
Share
Tweet
Score 0/26 Timer 06:00
0 Plays Today
% Correct
Queen Victoria
82.8%
Theodore Roosevelt
78.8%
Malcolm X
78.5%
Napoleon Bonaparte
78.4%
Indira Gandhi
74.4%
Louis XIV
72.4%
Thomas Alva Edison
62.9%
Genghis Khan
61.1%
Frank Zappa
59%
Corazon Aquino
49.8%
James VI and I
37.9%
Caligula
36.9%
Gamal Abdel Nasser
35.6%
% Correct
Josiah Quincy III
34%
Emily Dickinson
25.8%
Arthur Wellesley, 1st Duke of Wellington
23.6%
Peter I
22.2%
Frederick II
17.6%
Mary Wollstonecraft Shelley
13.5%
John Updike
10.5%
Theodora I
9.2%
Claude Monet
6.2%
Oda Nobunaga
4.3%
Miklós Horthy
2.6%
Yamashita Tomoyuki
1.7%
Ikeda Hayato
1%

You're not logged in!

Compare scores with friends on all Sporcle quizzes.
Join for Free
OR
Log In

You Might Also Like...

Show Comments

Extras

Top Quizzes Today


Score Distribution

Your Account Isn't Verified!

In order to create a playlist on Sporcle, you need to verify the email address you used during registration. Go to your Sporcle Settings to finish the process.

Report this User

Report this user for behavior that violates our Community Guidelines.

Details: